00767 2200181 4500245004800000020002200048250001100070100001500081700002700096650004300123005001900166260003800185041001400223084000800237300002900245500030200274336000900576 aIn a Dark b : Dark WoodcWare, RuthhText a978-602-291-242-2 aCet. 1 aWare, Ruth aIndradya Susanto Putra aFiksi Inggris (dalam Bahasa Indonesia) a20231011095320 aYogyakartabPenerit Bentangc2016 aIndonesia a823 avi, 422 hlm. :c20.5 cm. aSebuah undangan pesta bujang membawa nora datang ke sebuah mansion mewah di dalam hutan. Apa yang seharusnya menjadi momen momen yangh menyenangkan bersama teman teman SMA-NYA, justru berubah meneganggakan sewaktu pembunuhan terjadi. Ditengah kepanikan dan ketidak pastian Nora meninggalkan hutan. atext